| 000 | 01009nam a2200229Ia 4500 | ||
|---|---|---|---|
| 003 | IN-BaIIA | ||
| 008 | 211028s9999 xx s 000 0 eng d | ||
| 020 | _a978-1-108-47109-1 (Print) | ||
| 022 | _a1743-9213 (Print) | ||
| 022 | _a1743-9221 (Online) | ||
| 040 | _cIIA Library | ||
| 100 | _aBanerjee, D., ed. | ||
| 245 | 0 |
_aLong-term Datasets for the Understanding of Solar and Stellar Magnetic Cycles _h[eBook] |
|
| 260 |
_aCambridge _bCambridge University Press _c2018 |
||
| 300 | _aOnline resource | ||
| 490 | _aIAU Symposium; no. 340 | ||
| 700 |
_aJiang, J., ed. _940733 |
||
| 700 |
_aKusano, K., ed. _940734 |
||
| 700 |
_aSolanki, S., ed. _940735 |
||
| 856 |
_uhttps://www.cambridge.org/core/journals/proceedings-of-the-international-astronomical-union/issue/longterm-datasets-for-the-understanding-of-solar-and-stellar-magnetic-cycles/9ECAAF0C75ECF0722B80879298834E0D _yClick Here to Access eBook |
||
| 942 | _cEB | ||
| 999 |
_c22049 _d22049 |
||